[Event "Let's Play Chess!"]
[Site "http://www.queenalice.com/game.php?id=576321"]
[Date "2009.4.23"]
[Round "-"]
[White "Cruzeiro"]
[Black "Franz2"]
[Result "0-1"]
[WhiteElo "1500"]
[BlackElo "2053"]

1. d4 d5 2. e3 Bf5 3. Bb5+ c6 4. Bd3 Bxd3 5. cxd3 Nf6 6. h4 e6 7. h5 h6 8. Qf3
Bb4+ 9. Kf1 Nbd7 10. Bd2 Bxd2 11. Nxd2 O-O 12. Qg3 Rc8 13. e4 dxe4 14. dxe4 Qb6
15. Nb3 Nxe4 16. Qe3 Ndf6 17. f3 Ng3+ 18. Ke1 Nxh1 19. Qf4 Qb4+ 20. Nd2 Nxh5 21.
Qh2 N1g3 22. Kd1 Qxd4 23. Ke1 Qe3+ 24. Kd1 Rcd8 25. Kc2 Rxd2+ 26. Kc1 Qe1# 0-1

[Event "Challenge"]
[Site "http://www.queenalice.com/game.php?id=576339"]
[Date "2009.4.23"]
[Round "-"]
[White "Cruzeiro"]
[Black "tomcolli"]
[Result "0-1"]
[WhiteElo "1439"]
[BlackElo "1199"]

1. d4 d5 2. e3 Nf6 3. Bb5+ c6 4. Be2 e6 5. f3 Bb4+ 6. c3 Bd6 7. Nh3 h6 8. f4 O-O
9. Qc2 Nbd7 10. b4 b5 11. O-O Rb8 12. a4 Qc7 13. axb5 cxb5 14. Ra5 a6 15. Qa2
Ne4 16. f5 e5 17. Bd3 Ndf6 18. Nf2 Nxf2 19. Rxf2 e4 20. Be2 Bxh2+ 21. Kf1 Bg3
22. Kg1 Bxf2+ 23. Kxf2 Rb6 24. Nd2 Qxc3 25. Qb1 Bxf5 26. Nf1 g5 27. Bd2 Qc7 28.
g4 Kg7 29. gxf5 Kh7 30. Kg1 h5 31. Kf2 g4 32. Qc1 Rc6 33. Qa1 Rg8 34. Ra3 g3+
35. Kg2 h4 36. Rxa6 h3+ 37. Kxh3 g2 38. Rxc6 Qxc6 39. Nh2 g1=Q 40. Qxg1 Rxg1 41.
Kh4 Rg2 42. Ng4 Rxe2 43. Ne5 Qe8 44. Bc1 Qg8 45. Ba3 Rh2# 0-1

[Event "AUTO-OPEN-1569"]
[Site "http://www.queenalice.com/game.php?id=594256"]
[Date "2009.5.27"]
[Round "1"]
[White "aldav"]
[Black "Cruzeiro"]
[Result "1-0"]
[WhiteElo "1537"]
[BlackElo "1389"]

1. d4 d5 2. e3 e6 3. c4 b6 4. Nf3 f6 5. a3 c6 6. b4 c5 7. bxc5 bxc5 8. cxd5 exd5
9. Bb5+ Bd7 10. Qb3 a6 11. Bxd7+ Qxd7 12. Nc3 c4 13. Qa4 Nc6 14. Rb1 a5 15. O-O
Nge7 16. Rd1 Nf5 17. e4 dxe4 18. Nxe4 Qd5 19. Nc3 Qd6 20. Qxc4 Kd7 21. Rb7+ Kc8
22. Nb5 Qe6 23. Rc7+ Kd8 24. Qxe6 Nce7 25. Qd7# 1-0

[Event "AUTO-OPEN-1569"]
[Site "http://www.queenalice.com/game.php?id=594257"]
[Date "2009.5.27"]
[Round "1"]
[White "Cruzeiro"]
[Black "aldav"]
[Result "0-1"]
[WhiteElo "1399"]
[BlackElo "1540"]

1. e4 e5 2. d4 exd4 3. Qxd4 Nc6 4. Qc4 Qf6 5. c3 Nh6 6. f3 Bd6 7. Ne2 O-O 8. Bf4
Bxf4 9. Nd2 Bxd2+ 10. Kxd2 Qd6+ 11. Kc2 Ne5 12. Qd4 Qxd4 13. Nxd4 c5 14. Nb5 a6
15. Nc7 Ra7 16. c4 b6 17. Nd5 Rb7 18. Ne7+ Kh8 19. b3 d6 20. Rd1 Rxe7 21. Rxd6
Rd7 22. Rxb6 Rfd8 23. Kb2 Rd6 24. Rb8 Rd2+ 25. Ka3 f5 26. f4 Neg4 27. h3 Nf2 28.
Rg1 Nxe4 29. g4 Nc3 30. g5 Rxa2# 0-1

[Event "AUTO-OPEN-1569"]
[Site "http://www.queenalice.com/game.php?id=594276"]
[Date "2009.5.27"]
[Round "1"]
[White "smcneil"]
[Black "Cruzeiro"]
[Result "1-0"]
[WhiteElo "1809"]
[BlackElo "1393"]

1. e4 e5 2. Nf3 f6 3. Bc4 b6 4. O-O Bb7 5. Nc3 Bb4 6. Bxg8 Rxg8 7. a3 Bc5 8. b4
Bd6 9. Nh4 c6 10. Qh5+ g6 11. Qxh7 Kf8 12. Nxg6+ Rxg6 13. Qxg6 a5 14. d3 axb4
15. Bh6+ Ke7 16. Qh7+ Ke8 17. axb4 Na6 18. Bg7 Nxb4 19. Qh8+ Ke7 20. Bxf6+ Kf7
21. Bxd8 b5 22. Qf6+ Ke8 23. Qxd6 c5 24. Qe7# 1-0

[Event "AUTO-OPEN-1569"]
[Site "http://www.queenalice.com/game.php?id=594277"]
[Date "2009.5.27"]
[Round "1"]
[White "Cruzeiro"]
[Black "smcneil"]
[Result "0-1"]
[WhiteElo "1382"]
[BlackElo "1795"]

1. e4 c5 2. Qh5 d6 3. Bc4 e6 4. d3 g6 5. Qe2 Bg7 6. Bb5+ Nc6 7. h4 Ne7 8. c3 a6
9. Bxc6+ Nxc6 10. Bg5 Qb6 11. Qf3 O-O 12. h5 Qxb2 13. h6 Bxc3+ 14. Kf1 Qxa1 15.
Qd1 Bb4 16. a3 Bxa3 17. Qb3 Bb4 18. d4 Qxd4 19. Qe3 Qd1+ 20. Qe1 Qxe1# 0-1

[Event "AUTO-OPEN-1569"]
[Site "http://www.queenalice.com/game.php?id=594286"]
[Date "2009.5.27"]
[Round "1"]
[White "rviana"]
[Black "Cruzeiro"]
[Result "1-0"]
[WhiteElo "1919"]
[BlackElo "1369"]

1. d4 d5 2. c4 c6 3. Nf3 f6 4. e3 Qa5+ 5. Qd2 Qc7 6. Nc3 e6 7. Bd3 Bb4 8. O-O
Nh6 9. c5 Ng4 10. h3 Ne5 11. dxe5 fxe5 12. Bc2 Bxc5 13. b3 e4 14. Nd4 Qe5 15.
Nde2 Bd6 16. Ng3 Rf8 17. Bb2 b6 18. Na4 Ba6 19. Bxe5 Bxe5 20. Rac1 Nd7 21. Rfe1
Nc5 22. Nxc5 bxc5 23. Bd1 g6 24. Bg4 Bc8 25. Rxc5 Bd6 26. Rxc6 Bd7 27. Rxd6 1-0

[Event "AUTO-OPEN-1569"]
[Site "http://www.queenalice.com/game.php?id=594287"]
[Date "2009.5.27"]
[Round "1"]
[White "Cruzeiro"]
[Black "rviana"]
[Result "0-1"]
[WhiteElo "1371"]
[BlackElo "1917"]

1. e4 c5 2. d4 cxd4 3. Qxd4 Nc6 4. Qd5 Nf6 5. Qb3 e5 6. Bc4 d5 7. exd5 Nd4 8.
Qc3 Bd6 9. Ne2 Nxe2 10. Kxe2 O-O 11. Bg5 Bf5 12. Bd3 e4 13. Bc4 Rc8 14. Rd1 Qc7
15. Na3 Bxa3 16. bxa3 Qxc4+ 17. Qxc4 Rxc4 18. Kf1 Rxc2 19. Kg1 Nd7 20. h3 Rfc8
21. Kh2 Rxf2 22. Rdc1 Rcc2 23. Rab1 Rxg2+ 24. Kh1 h6 25. Be3 Bxh3 26. Rxc2 Rxc2
27. Rxb7 Nf6 28. Bxa7 Nxd5 29. Rb8+ Kh7 30. Rb5 Nf6 31. Bd4 Ng4 0-1

[Event "Challenge"]
[Site "http://www.queenalice.com/game.php?id=594922"]
[Date "2009.5.28"]
[Round "-"]
[White "Cruzeiro"]
[Black "ABarberis"]
[Result "0-1"]
[WhiteElo "1391"]
[BlackElo "1592"]

1. e4 c5 2. Bc4 g6 3. d4 Bg7 4. c3 Nc6 5. d5 Ne5 6. Bb3 d6 7. a3 f5 8. Bc2 fxe4
9. Bxe4 Nf6 10. f3 O-O 11. Bg5 Nxe4 12. fxe4 Bg4 13. Qc1 Nd3+ 14. Kd2 Nxc1 15.
Kxc1 Rf1+ 16. Kd2 Qf8 17. Kc2 c4 18. h3 Qf2+ 19. Nd2 Rxa1 20. hxg4 Rxg1 21. Rh3
Rxg2 22. Bxe7 Qxd2+ 23. Kb1 Qxb2# 0-1

[Event "AUTO-OPEN-1591"]
[Site "http://www.queenalice.com/game.php?id=605273"]
[Date "2009.6.17"]
[Round "1"]
[White "Cruzeiro"]
[Black "mafiax3br"]
[Result "0-1"]
[WhiteElo "1384"]
[BlackElo "1799"]

1. e4 e6 2. h4 d5 3. f3 Bd6 4. d4 dxe4 5. fxe4 Bg3+ 6. Ke2 Bxh4 7. c3 Bd7 8. Nf3
Bf6 9. Ke1 g6 10. Qb3 b6 11. e5 Bg7 12. Ng5 Bh6 13. Rxh6 Nxh6 14. Ne4 Qh4+ 15.
Nf2 Ng4 16. Qd1 Qxf2# 0-1

[Event "AUTO-OPEN-1591"]
[Site "http://www.queenalice.com/game.php?id=605274"]
[Date "2009.6.17"]
[Round "1"]
[White "mafiax3br"]
[Black "Cruzeiro"]
[Result "1-0"]
[WhiteElo "1731"]
[BlackElo "1377"]

1. d4 d5 2. c4 c6 3. Nc3 e6 4. Nf3 f6 5. Bf4 Bd6 6. Bxd6 Qxd6 7. e4 Ne7 8. e5
fxe5 9. Nxe5 Nd7 10. f4 c5 11. Nb5 Qb6 12. Rc1 a6 13. Qa4 Rf8 14. dxc5 Nxc5 15.
Nd6+ Kd8 16. Nxc8 Kxc8 17. Qc2 Rxf4 18. cxd5 Nxd5 19. Qxc5+ Qxc5 20. Rxc5+ Kd8
21. Bd3 Rc8 22. Rxc8+ 1-0

[Event "AUTO-OPEN-1591"]
[Site "http://www.queenalice.com/game.php?id=605277"]
[Date "2009.6.17"]
[Round "1"]
[White "Cruzeiro"]
[Black "Penroyal"]
[Result "0-1"]
[WhiteElo "1375"]
[BlackElo "2116"]

1. e4 e6 2. d3 d5 3. h4 Nf6 4. f3 c5 5. c3 Nc6 6. d4 cxd4 7. cxd4 dxe4 8. fxe4
Qxd4 9. Qxd4 Nxd4 10. Bd3 Bd7 11. e5 Nd5 12. Nd2 Bb4 13. g3 Ne3 0-1

[Event "AUTO-OPEN-1591"]
[Site "http://www.queenalice.com/game.php?id=605278"]
[Date "2009.6.17"]
[Round "1"]
[White "Penroyal"]
[Black "Cruzeiro"]
[Result "1-0"]
[WhiteElo "2117"]
[BlackElo "1373"]

1. d4 d5 2. c4 c6 3. Nc3 e6 4. e4 Bb4 5. exd5 exd5 6. Nf3 f6 7. Bd3 Ne7 8. O-O
O-O 9. Qb3 c5 10. Nxd5 Na6 11. Bf4 b6 12. a3 Be6 13. axb4 1-0